000 00661nam a2200241Ia 4500
003 OSt
005 20220918220036.0
006 a|||||r|||| 00| 0
007 ta
008 220917b |||||||| |||| 00| 0 eng d
024 _a144,076
037 _cTextual
040 _aARTS
_cARTS
_beng
041 _2eng
_aeng
082 _aY17:1:5.6.M, K5
100 _aCairns H Alan C
_9136249
245 0 _aClash of cultures
_b Early race ralations in central Africa
260 _aNew York
_bFraeger
_c1965
300 _aix,325p.
_ccm.
650 _aSOCIOLOGY
942 _hY17:1:5.6.M, K5
_cTEXL
_2CC
999 _c266990
_d266990